1000 Decorated Initials /

El libro y el disco compacto adjunto ofrecen diversos diseños de cada una de las letras mayúsculas, para ser utilizados en la producción de otras imágenes o en el diseño tipográfico de impresos o páginas electrónicas. Las capitulares pueden ser importadas desde el disco compacto y su uso es gratuito...

ver descrição completa

Na minha lista:
Detalhes bibliográficos
Formato: Livro
Idioma:inglês
Publicado em: Amsterdam, Holanda : Pepin : Agile Rabbit, 2007, c2007
Assuntos:
Tags: Adicionar Tag
Sem tags, seja o primeiro a adicionar uma tag!

MARC

LEADER 00000nam^a2200000^a^4500
001 000281970
005 20250521000000.0
009 20260310111552.066
020 |a 978-90-5768-001-4 
037 |a Acervo ITESO - Biblioteca 
041 |a ING 
082 |a 686. 2247  |b ONE 
245 0 0 |a 1000 Decorated Initials / 
264 4 |a Amsterdam, Holanda :  |b Pepin :  |b Agile Rabbit,  |c 2007, c2007 
300 |a 287 p. +  |e 1 disco compacto de computadora 
336 |a texto  |b txt  |2 rdacontenido 
337 |a sin mediación  |b n  |2 rdamedio 
338 |a volumen  |b nc  |2 rdasoporte 
520 |a El libro y el disco compacto adjunto ofrecen diversos diseños de cada una de las letras mayúsculas, para ser utilizados en la producción de otras imágenes o en el diseño tipográfico de impresos o páginas electrónicas. Las capitulares pueden ser importadas desde el disco compacto y su uso es gratuito para aplicaciones no profesionales. 
546 |a Edición multilingüe 
649 |a XX 
650 |a Capitulares (Letras) -  |x Tema Principal 
650 |a Diseño Tipográfico 
650 |a Tipografía 
650 |a Diseño Gráfico 
650 |a Comunicación Visual 
910 |a Fondo General 
920 |a Impresos - Libros 
930 |a Reserva Especial 
905 |a 103 
901 |a 0500168343  |b IT2  |c SWB  |u 20250521 
902 |a https://opac.biblio.iteso.mx/vufind/Record/000281970